Manažérstvo kvality a oblasť zdravotníctva
Vytvorenie Technickej komisie ISO/TC 210, ktorá má za úlohu vypracúvať špecifické dokumenty v oblasti zdravotníckych pomôcok, pričom ISO/TC 176 má primárnu úlohu v systéme manažérstva kvality. Výsledky jej doterajšej činnosti. Porovnanie ISO 9001: 2000 a ISO 13485. Odporúčania organizáciám, ako napr...
Salvato in:
| Autore principale: | |
|---|---|
| Altri autori: | , |
| Natura: | Capitolo di libro |
| Lingua: | slovacco |
| Soggetti: | |
| Tags: |
Nessun Tag, puoi essere il primo ad aggiungerne!!
|
MARC
| LEADER | 00000naa$a2200000$$$4500 | ||
|---|---|---|---|
| 001 | 0025004 | ||
| 005 | 20230511074350.7 | ||
| 041 | 0 | |a slo | |
| 044 | |a SK | ||
| 245 | 1 | 0 | |a Manažérstvo kvality a oblasť zdravotníctva |c Ed Kimmelmann ; prekl. Ján Škamla, Ľubica Pernecká |
| 520 | |a Vytvorenie Technickej komisie ISO/TC 210, ktorá má za úlohu vypracúvať špecifické dokumenty v oblasti zdravotníckych pomôcok, pričom ISO/TC 176 má primárnu úlohu v systéme manažérstva kvality. Výsledky jej doterajšej činnosti. Porovnanie ISO 9001: 2000 a ISO 13485. Odporúčania organizáciám, ako napredovať pri používaní noriem. | ||
| 610 | 2 | 0 | |a zdravotníctvo |
| 610 | 2 | 0 | |a manažment |
| 610 | 2 | 0 | |a kvalita |
| 610 | 2 | 0 | |a kvalita výrobkov |
| 610 | 2 | 0 | |a kontrola kvality |
| 610 | 2 | 0 | |a normy ISO |
| 100 | 1 | |a Kimmelmann, Ed | |
| 700 | 1 | |a Škamla, Ján | |
| 700 | 1 | |a Pernecká, Ľubica | |